Quick Pick: Dallas Cowboys QBs Quiz Stats

 Plays Quiz Updated Jan 20, 2018

Challenge
Share
Tweet
Embed
Score 0/8 Timer 01:00
2 Plays Today
% Correct
Tony Romo
94%
Troy Aikman
93.2%
Dak Prescott
89.9%
Roger Staubach
89.3%
Don Meredith
76%
Danny White
75.7%
Quincy Carter
70.1%
Vinny Testaverde
65.9%

Today's Daily Dose

Word Ladder
Aquatic Life

On This Day
August 21st II

You're not logged in!

Compare scores with friends on all Sporcle quizzes.
Join for Free
OR
Log In

You Might Also Like...

Show Comments

Extras

Top Quizzes Today


Score Distribution

Your Account Isn't Verified!

In order to create a playlist on Sporcle, you need to verify the email address you used during registration. Go to your Sporcle Settings to finish the process.

Report this User

Report this user for behavior that violates our Community Guidelines.

Details: